000 00680nam a2200193 i 4500
001 78339
003 ES-MaACL
005 20230906173649.0
007 t|
008 041013q1990 sp ||||1| spa d
100 1 _aHafter, Ernst.
_961438
245 1 0 _aGastroenterología práctica /
_cpor Ernst Hafter ; con la colaboración de H. W. Hots y F. Deucher ; traducción española de Gregorio Zamanillo González Camino.
260 _aBarcelona :
_bNoguer,
_c[1990?]
300 _aVII, 407 p. :
_bil. ;
_c25 cm.
700 1 _aHots, H. W.
_964309
700 1 _aDeucher, F.
_943974
700 1 _aZamanillo González Camino, Gregorio.
_9117891
852 _aES-MaACL
_jC-17441
_bR.44856
999 _c78339
_d78339